Drácula /

Guardado en:
Autor Principal: Stoker, Bram
Otros Autores: Burgan, Michael, adap., Ocampo Ruiz, Alfonso, il.
Formato: Libro
Publicado: Buenos Aires : Cypres, 2013
Materias:
Etiquetas: Agregar Etiqueta
Sin Etiquetas, Sea el primero en etiquetar este registro!
LEADER 00789nam a22002535a 4500
001 CEM.cems018240
005 20140326114107.0
008 130507s2013##################000#0#####d
003 CEMS
020 |a 9789871208425 
082 0 4 |a 891.623 
100 1 |a Stoker, Bram 
245 1 0 |a Drácula /  |c Bram Stoker ; adaptado Por Michael Burgan ; ilustrado Por José Alfonso Ocampo Ruiz 
260 |a Buenos Aires :  |b Cypres,  |c 2013 
300 |a 72 p. 
653 |a Literatura 
653 |a Literatura irlandesa 
653 |a Novelas 
653 |a Novela gráfica 
653 |a Novela irlandesa 
653 |a Ministerio de educación-colección literaria 
700 1 |a Burgan, Michael, adap. 
700 1 |a Ocampo Ruiz, Alfonso, il. 
859 |a CEMS  |b BIB. CEMS - Agricultura  |h 891.623  |i St671  |p A1988.14  |t Ej.1